Statistics for Top baby girl names in Western Europe and the USA

Click here to take the quiz!

General Stats

  • This quiz has been taken 1,232 times
    (1,179 since last reset)
  • The average score is 84 of 200

Answer Stats

USA % Correct
1Emma
85%
5Anna
85%
4Emily
78%
9Sara
77%
1Sofía
77%
2Olivia
77%
3Sophia
77%
14Sofia
77%
19Isa
76%
8Emily
75%
13Elizabeth
75%
9Charlotte
71%
3Hannah
69%
5Isabella
68%
4Ava
67%
18Ella
66%
8Sophie
65%
16Sofie
65%
20Mía
64%
6Mia
64%
20Laura
63%
20Victoria
62%
17Chloe
62%
2Chloé
62%
6Eva
61%
2Giulia
61%
15Jessica
60%
14Julia
60%
19Lilly
60%
12Amelia
60%
3Lily
60%
19Grace
58%
16Rose
57%
10Lucie
53%
8Marie
53%
6Alice
52%
10Zoë
52%
11Madison
46%
14Lisa
45%
12Lea
45%
7Abigail
45%
7Léa
45%
12Isla
44%
7Isabelle
44%
15Klara
41%
18Clara
41%
16Evelyn
41%
14Samantha
40%
20Caroline
37%
3Maja
37%
10Harper
34%
13Molly
34%
3Louise
33%
16Poppy
33%
1Elsa
32%
9Lena
32%
13Léna
32%
16Johanna
30%
17Luisa
29%
19Ellen
29%
15Avery
29%
3Lucía
29%
4Giorgia
28%
9Lola
28%
12Elena
28%
12Freja
27%
11Evi
27%
20Freya
27%
17Evie
27%
10Mila
26%
6Emilia
25%
14Amelie
24%
11Karla
24%
20Ambre
24%
8Jade
23%
13Francesca
23%
15Josefine
22%
4Elise
21%
20Beatrice
20%
5Camille
19%
7Lina
18%
7Greta
16%
13Daniela
15%
11Juliette
14%
6Martina
13%
7Tess
12%
17Alma
11%
9Ida
11%
4Valentina
11%
3Aurora
11%
10Valeria
10%
11Agnes
10%
17Matilde
10%
15Inès
10%
19Margaux
10%
4Manon
9%
8Chiara
9%
13Lynn
9%
8Camila
9%
19Mariana
9%
19Viola
9%
8Lotte
8%
16Fleur
8%
13Leonie
8%
9Wilma
7%
20Liv
7%
18Astrid
7%
15Noemi
7%
16Alessia
6%
8Ebba
6%
7Luciana
6%
19Nur
6%
18Noor
5%
17Maud
5%
4Saga
5%
14Alva
5%
18Vittoria
5%
16Linnea
5%
14Ginevra
5%
11Gaia
5%
15Saar
4%
18Lieke
4%
12Ximena
4%
12Fenna
3%
11Julieta
3%
17Renata
3%
18Salomé
3%
18Liva
2%
17Romana
2%
14Alberte
2%

Score Distribution

Percentile by Number Answered

Percent of People with Each Score

Your Score History

You have not taken this quiz since the last reset